Guía Comares de filosofía latinoamericana /

Gorde:
Xehetasun bibliografikoak
Egile nagusia: Fornet-Betancourt, Raúl (edición)
Beste egile batzuk: Beorlegui Rodríguez, Carlos (edición) (edición)
Formatua: Liburua
Hizkuntza:gaztelania
Argitaratua: Granada, España : Comares, 2014, c2014
Saila:(Guía Comares de ; 5)
Gaiak:
Etiketak: Etiketa erantsi
Etiketarik gabe, Izan zaitez lehena erregistro honi etiketa jartzen!

MARC

LEADER 00000nam^a2200000^a^4500
001 000395194
005 20250521000000.0
009 20260310121355.88
020 |a 978-84-9045-224-0 
037 |a Acervo Xavier Clavigero 
041 |a ESP 
082 |a 199. 80  |b FOR 
100 |a Fornet-Betancourt, Raúl  |e (edición) 
245 1 0 |a Guía Comares de filosofía latinoamericana /  |c Ed. y presen. de R. Fornet-Betancourt, C. Beorlegui. 
264 4 |a Granada, España :  |b Comares,  |c 2014, c2014 
300 |a XV, 324 p. 
336 |a texto  |b txt  |2 rdacontenido 
337 |a sin mediación  |b n  |2 rdamedio 
338 |a volumen  |b nc  |2 rdasoporte 
440 1 |a (Guía Comares de ;  |v 5) 
521 |a Peticiones 2017 
649 |a XX 
650 |a Filosofía Latinoamericana -  |x Historia y Crítica -  |x Tema Principal 
700 |a Beorlegui Rodríguez, Carlos  |e (edición) 
910 |a Fondo General 
920 |a Impresos - Libros 
930 |a Colección General 
905 |a 101 
901 |a 0500290348  |b IT1  |c ACC  |i FXC C1543  |u 20250521 
902 |a https://opac.biblio.iteso.mx/vufind/Record/000395194